| 000 | 00908nam a2200265 a 4500 | ||
|---|---|---|---|
| 001 | 2366279 | ||
| 003 | OSt | ||
| 005 | 20230619133157.0 | ||
| 008 | 841128s1983 ii b 001 0 eng | ||
| 010 | _a 83904411 | ||
| 020 |
_a0706923367 : _cRs95.00 |
||
| 040 |
_aDLC _cDLC _dDLC |
||
| 050 | 0 | 0 |
_aQ175.54 _b.R34 1983 |
| 082 | 0 | 0 |
_a303.4/83/091724 _219 _bRAH |
| 100 | 1 |
_aRahman, Abdur, _d1923- |
|
| 245 | 1 | 0 |
_aIntellectual colonisation : _bscience and technology in West-East relations / _cAbdur Rahman. |
| 260 |
_aNew Delhi : _bVikas Pub. House, _cc1983. |
||
| 300 |
_a143 p. ; _c23 cm. |
||
| 504 | _aIncludes bibliographical references and index. | ||
| 650 | 0 |
_aScience _xSocial aspects _zDeveloping countries. |
|
| 650 | 0 |
_aTechnology _xSocial aspects _zDeveloping countries. |
|
| 651 | 0 |
_aDeveloping countries _xIntellectual life. |
|
| 906 |
_a7 _bcbc _corignew _d3 _encip _f19 _gy-gencatlg |
||
| 942 |
_2ddc _cBK |
||
| 999 |
_c1306 _d1306 |
||